00497nam a2200193 a 4500001001300000003000900013005001700022008004100039020001000080082002000090100002700110245003500137260002600172300000900198500003500207505001000242650002400252700002700276nice12345678IN_TiNIC20260116011836.0050524s1903 dela grp 000 0 urd  ac10000a305.480297bBUK aBuksh, Mohammed Raheem aTazkera-E-Khawateen Taiymooria aDelhibQazi Pubc1903 a176p aincludes index and biblioraphy2 aIndex aMuslim Women-Mughal1 aBuksh, Mohammed Raheem